|
|
|
|
| LEADER |
01061nam a2200241 u 4500 |
| 001 |
Gr-AiPI-221650 |
| 003 |
GR-PaULI |
| 005 |
20201210082710.0 |
| 008 |
120613s2004 gr g 1 gre d |
| 952 |
|
|
|0 0
|1 0
|2 ddc
|4 0
|6 346_048000000000000_2_ΜΑΡ
|7 0
|9 18789
|a LISA
|b LISA
|c BSC
|d 2016-04-24
|l 4
|o 346.048 2 ΜΑΡ
|p 026000281904
|r 2019-09-25 00:00:00
|s 2019-09-18
|t 1
|w 2016-04-24
|y BK15
|
| 999 |
|
|
|c 10453
|d 10453
|
| 020 |
|
|
|a 9601512233
|
| 040 |
|
|
|a GR-PaULI
|b gre
|c GR-PaULI
|d GR-AiPI
|e AACR2
|
| 082 |
0 |
4 |
|a 346.048 2
|2 23
|
| 100 |
1 |
|
|a Μαρίνος, Μιχαήλ-Θεόδωρος Δ.
|d 1954-
|9 22546
|e συγγραφέας.
|
| 245 |
1 |
0 |
|a Πνευματική ιδιοκτησία /
|c Μιχαήλ - Θεόδωρος Δ. Μαρίνος.
|
| 250 |
|
|
|a 2η έκδ.
|
| 260 |
|
|
|a Αθήνα :
|b Σάκκουλας,
|c 2004.
|
| 300 |
|
|
|a xxxvi, 515 σ. ;
|c 24 εκ.
|
| 504 |
|
|
|a Περιλαμβάνει βιβλιογραφία και ευρετήριο.
|
| 650 |
|
4 |
|a Πνευματική ιδιοκτησία
|9 21628
|
| 942 |
|
|
|2 ddc
|c BK15
|
| 998 |
|
|
|c ΛΟΥΚΟΠΟΥΛΟΥ
|d 2020-10
|